[Event "SRB-ch sf"]
[Site "Zrenjanin"]
[Date "2018.02.17"]
[Round "3"]
[White "Vujacic, Borivoje"]
[Black "Lazarevic, Dusan"]
[Result "1-0"]
[WhiteElo "2241"]
[BlackElo "1983"]
[PlyCount "65"]
[EventDate "2018.02.16"]
[EventType "swiss"]
[EventRounds "9"]
[EventCountry "SRB"]
[SourceTitle "CBM 183 Extra"]
[Source "ChessBase"]
[SourceDate "2018.04.19"]
[SourceVersion "1"]
[SourceVersionDate "2018.04.19"]
[SourceQuality "1"]

1. e4 c5 2. Nf3 d6 3. d4 cxd4 4. Nxd4 Nf6 5. Nc3 g6 6. Be2 Bg7 7. 0-0 0-0 8. Re1 Nc6 9. Nb3 Be6 10. Bf1 a6 11. Nd5 Rc8 12. c3 Re8 13. Bg5 Nd7 14. Qd2 f6 15. Bh6 Bh8 16. f4 Bf7 17. Rad1 Nc5 18. f5 Nxb3 19. axb3 Ne5 20. Be3 Ng4 21. Bb6 Qd7 22. c4 Bg7 23. Qf4 Ne5 24. Bd3 Bxd5 25. cxd5 Nf7 26. fxg6 hxg6 27. Qg3 Kh7 28. Be2 Nh6 29. Be3 Rf8 30. Rf1 f5 31. exf5 gxf5 32. Qh3 Kg8 33. Bd3 1-0

[Event "Senta op 21st"]
[Site "Senta"]
[Date "2017.07.26"]
[Round "3"]
[White "Aleksic, Zvonimir"]
[Black "Lazarevic, Dusan"]
[Result "1-0"]
[WhiteElo "1848"]
[BlackElo "2057"]
[PlyCount "67"]
[EventDate "2017.07.24"]
[EventType "swiss"]
[EventRounds "9"]
[EventCountry "SRB"]
[SourceTitle "CBM 179 Extra"]
[Source "ChessBase"]
[SourceDate "2017.08.23"]
[SourceVersion "1"]
[SourceVersionDate "2017.08.23"]
[SourceQuality "1"]

1. e4 c5 2. Nc3 Nc6 3. g3 g6 4. Bg2 Bg7 5. d3 d6 6. f4 e6 7. Nf3 Nge7 8. 0-0 Rb8 9. Rb1 0-0 10. a3 b5 11. Ne2 b4 12. axb4 Nxb4 13. Bd2 Ba6 14. Bc3 Qc7 15. Bxg7 Kxg7 16. b3 d5 17. Nh4 dxe4 18. Bxe4 Rfd8 19. Qc1 f5 20. Bg2 Nec6 21. Nf3 h6 22. Qb2+ Kf7 23. h3 Nxc2 24. Qxc2 Bxd3 25. Qxc5 Rb5 26. Ne5+ Qxe5 27. Qxc6 Qe3+ 28. Kh1 Rc5 29. Qb7+ Kf6 30. Ra1 Qxe2 31. Rfe1 Qf2 32. Rxa7 Qxg2+ 33. Kxg2 Be4+ 34. Rxe4 1-0